Employment relations / (Record no. 17954)

MARC details
000 -LEADER
fixed length control field 00858aam a2200277 a 4500
001 - CONTROL NUMBER
control field 014583638
003 - CONTROL NUMBER IDENTIFIER
control field OSt
005 - DATE AND TIME OF LATEST TRANSACTION
control field 20150531114349.0
008 - FIXED-LENGTH DATA ELEMENTS--GENERAL INFORMATION
fixed length control field 080626s2008 enka frbd 001 0 eng d
020 ## - INTERNATIONAL STANDARD BOOK NUMBER
International Standard Book Number 9780273710080
040 ## - CATALOGING SOURCE
Original cataloging agency StDuBDS
Language of cataloging eng
Transcribing agency StDuBDS
Modifying agency Uk
-- EG-ScBUE
082 04 - DEWEY DECIMAL CLASSIFICATION NUMBER
Classification number 658.3
Item number ROS
Edition number 22
100 1# - MAIN ENTRY--PERSONAL NAME
Personal name Rose, Ed
Fuller form of name (Edward),
Dates associated with a name 1946-
9 (RLIN) 34908
245 10 - TITLE STATEMENT
Title Employment relations /
Statement of responsibility, etc Ed Rose.
250 ## - EDITION STATEMENT
Edition statement 3rd ed.
260 ## - PUBLICATION, DISTRIBUTION, ETC. (IMPRINT)
Place of publication, distribution, etc Harlow :
Name of publisher, distributor, etc Financial Times Prentice Hall / Pearson Education Limited,
Date of publication, distribution, etc 2008.
300 ## - PHYSICAL DESCRIPTION
Extent xx, 713 p. :
Other physical details ill. ;
Dimensions 25 cm.
500 ## - GENERAL NOTE
General note Index : p. 702-713.
500 ## - GENERAL NOTE
General note Glossary : p. 698-701.
504 ## - BIBLIOGRAPHY, ETC. NOTE
Bibliography, etc Includes bibliographical references.
650 #0 - SUBJECT ADDED ENTRY--TOPICAL TERM
Topical term or geographic name as entry element Industrial relations
Source of heading or term BUEsh
9 (RLIN) 34909
651 ## - SUBJECT ADDED ENTRY--GEOGRAPHIC NAME
Source of heading or term BUEsh
653 ## - INDEX TERM--UNCONTROLLED
Resource For college BAEPS, Business Administration
Arrived date list January2014
-- May2015
655 ## - INDEX TERM--GENRE/FORM
Form subdivision
-- 33728
942 ## - ADDED ENTRY ELEMENTS (KOHA)
Source of classification or shelving scheme Dewey Decimal Classification
Call number prefix 658.3 ROS
Holdings
Withdrawn status Item status Source of classification or shelving scheme Damaged status Not for loan Vendor Home library Current library Shelving location Date acquired Source of acquisition Total Checkouts Full call number Barcode Date last seen Koha item type Total Renewals Date last borrowed Cost, replacement price Cost, normal purchase price
    Dewey Decimal Classification     Baccah Central Library Central Library First floor 22/01/2014     658.3 ROS 000035418 15/07/2025 NB - Book (Non borrowing)        
  Lost and Paid For Dewey Decimal Classification     Baccah Central Library Central Library First floor 22/01/2014   3 658.3 ROS 000035419 26/02/2020 Book - Borrowing 17 26/02/2020 470.00  
    Dewey Decimal Classification     Baccah Central Library Central Library First floor 22/01/2014   4 658.3 ROS 000035420 15/07/2025 Book - Borrowing 25 16/12/2024    
    Dewey Decimal Classification     Baccah Central Library Central Library First floor 22/01/2014   11 658.3 ROS 000035421 15/07/2025 Book - Borrowing 63 10/02/2020    
    Dewey Decimal Classification     Baccah Central Library Central Library First floor 22/01/2014   5 658.3 ROS 000035422 15/07/2025 Book - Borrowing 12 13/02/2017    
    Dewey Decimal Classification     Baccah Central Library Central Library First floor 22/01/2014   3 658.3 ROS 000035423 15/07/2025 Book - Borrowing 3 11/05/2015    
    Dewey Decimal Classification     Baccah Central Library Central Library First floor 28/05/2015   6 658.3 ROS 000038352 15/02/2026 Book - Borrowing 24 05/05/2019 337.50 270.00
    Dewey Decimal Classification     Baccah Central Library Central Library First floor 28/05/2015   7 658.3 ROS 000038360 15/07/2025 Book - Borrowing 42 09/01/2025 337.50 270.00
    Dewey Decimal Classification     Baccah Central Library Central Library First floor 28/05/2015   6 658.3 ROS 000038353 15/07/2025 Book - Borrowing 17 08/05/2023 337.50 270.00
    Dewey Decimal Classification     Baccah Central Library Central Library First floor 28/05/2015   6 658.3 ROS 000038359 15/07/2025 Book - Borrowing 25 08/05/2023 337.50 270.00
    Dewey Decimal Classification     Baccah Central Library Central Library First floor 28/05/2015   3 658.3 ROS 000038358 15/07/2025 Book - Borrowing 13 05/03/2018 337.50 270.00
    Dewey Decimal Classification     Baccah Central Library Central Library First floor 28/05/2015   6 658.3 ROS 000038357 15/07/2025 Book - Borrowing 46 07/05/2023 337.50 270.00
    Dewey Decimal Classification     Baccah Central Library Central Library First floor 28/05/2015   7 658.3 ROS 000038356 15/07/2025 Book - Borrowing 19 26/02/2019 337.50 270.00